000 00460nam a2200193Ia 4500
003 LK-CoDNM
008 010623t1927 xxu||||| |||| 00| 1 sin d
040 _aLK-CoDNM
_dLK-CoDNM
_eLK-CoDNM
041 _asin
080 _a104 I 3
100 _aLanarol,V.D.D.
245 _aස්ත්‍රිය
246 _aSthriya
260 _bLankabinava Vissruta
_aColombo
_c1927
300 _b72p, 21 cm
650 _aMarriage
650 _aWemens
942 _cBK
999 _c94248
_d94248